000 00948nam a22002417a 4500
003 OSt
005 20210224123738.0
008 210224s2014 ck ao||gr|||| 00| 0 spa d
020 _a9789589926413
040 _aCO-JMCR
_cCO-JMCR
041 0 _aspa
082 _a618.9201 /
_bF293m
_223
110 2 _aFederación Colombiana de Obstetricia y Ginecología
_913871
245 1 0 _aMi manual del bebé :
_bguiados por amor, inspirados por el conocimiento /
_cFederación Colombiana de Obstetricia y Ginecología
250 _aPrimera edición
260 _aBogotá :
_bPanamericana,
_c2014
300 _a104 páginas :
_bilustraciones, fotografías a color ;
_c19 cm.
505 0 _aEmbarazo -- Parto y posparto -- Rocíen nacido -- Lactancia -- Desarrollo -- Nutrición -- Salud bebé
650 2 4 _aNeonatología
_xManuales
_913872
650 2 4 _aNiños recién nacidos
_xManuales
_913873
650 2 4 _aEmbarazo
_xManuales
_913874
942 _2ddc
_cBK
999 _c7314
_d7314